|
|
|
|
| LEADER |
00000nam2a2200000 4500 |
| 001 |
235901 |
| 005 |
20231031204455.0 |
| 035 |
|
|
|a (RuTPU)RU\TPU\book\257044
|
| 035 |
|
|
|a RU\TPU\book\257042
|
| 090 |
|
|
|a 235901
|
| 100 |
|
|
|a 20130417d1986 m y0rusy50 ca
|
| 101 |
2 |
|
|a rus
|
| 102 |
|
|
|a RU
|
| 105 |
|
|
|a a z 001gy
|
| 200 |
0 |
|
|a Т. 3: Европа
|f сост. М. Н. Ваксмахер
|
| 210 |
|
|
|d 1986
|
| 215 |
|
|
|a 205 с.
|c ил.
|d 10 см.
|
| 300 |
|
|
|a Переводчики указаны в содержании.
|
| 320 |
|
|
|a Именной указатель авторов: с. 188-191.
|
| 461 |
|
1 |
|0 (RuTPU)RU\TPU\book\256988
|t Мечи - на орала
|o поэты мира в борьбе за мир
|o в [3 т.]
|f худож. П. Пикассо
|v Т. 3: Европа
|d 1986
|
| 610 |
1 |
|
|a зарубежная литература
|
| 610 |
1 |
|
|a поэзия
|
| 610 |
1 |
|
|a стихи
|
| 610 |
1 |
|
|a 20 век
|
| 610 |
1 |
|
|a миниатюрные издания
|
| 702 |
|
1 |
|a Ваксмахер
|b М. Н.
|g Морис Николаевич
|4 220
|
| 801 |
|
1 |
|a RU
|b 63413507
|c 20130417
|
| 801 |
|
2 |
|a RU
|b 63413507
|c 20130417
|g RCR
|
| 942 |
|
|
|c BK
|